000
00331nam a22001337a 4500
008
170801b xxu||||| |||| 00| 0 eng d
020
_a
9781133234005
041
_a
eng
080
_a
004
100
_a
32
101
_a
SHKI
245
_a
CSC118 COMPUTER APPLICATIONS & CS2 118 COMPUTER APPLICATIONS II
_c
SHAFFER
942
_2
udc
_c
BK
999
_c
22321
_d
22321